[Event "Bay Area International"]
[Site "?"]
[Date "2019.01.05"]
[Round "7"]
[White "Taghizadeh, Rayan"]
[Black "Prohaszka, Peter"]
[Result "0-1"]
[WhiteElo "2298"]
[BlackElo "2613"]
[PlyCount "248"]
[EventDate "2019.??.??"]

1. d4 d5 2. Bf4 c5 3. e3 cxd4 4. exd4 Nc6 5. c3 Bf5 6. Nd2 e6 7. Ngf3 Bd6 8.
Bxd6 Qxd6 9. Nh4 Bg6 10. Nxg6 hxg6 11. Nf3 Nge7 12. g3 Nf5 13. Bg2 b5 14. a3 a5
15. O-O O-O 16. Ne1 b4 17. axb4 axb4 18. Nd3 bxc3 19. bxc3 Qc7 20. Nc5 Nd6 21.
Qe2 Rae8 22. f4 Nb8 23. h4 Nd7 24. Nxd7 Qxd7 25. h5 gxh5 26. Qxh5 g6 27. Qh6
Nf5 28. Qh3 Kg7 29. g4 Rh8 30. Qd3 Nd6 31. Rae1 Qd8 32. Qe2 Nc4 33. g5 Qc7 34.
Rb1 Ra8 35. Qf2 Ra3 36. Rbc1 Nd6 37. Qe1 Nf5 38. Rf3 Rc8 39. Qd2 Rb3 40. Rh3
Qb8 41. Rc2 Rb1+ 42. Kh2 Rc4 43. Ra2 Rc6 44. Rf3 Rcb6 45. Rc2 Nd6 46. Rh3 Rc6
47. Qf2 Nf5 48. Rf3 Rc8 49. Rh3 Ra1 50. Rb2 Qc7 51. Qd2 Ra3 52. Rc2 Ra4 53. Rb2
Rc4 54. Rb3 Rc6 55. Ra3 Rb8 56. Ra1 Rcb6 57. Ra2 Rc8 58. Rc2 Rc6 59. Bf1 Qb8
60. Rb2 Qd6 61. Rc2 Qc7 62. Bb5 Rb6 63. Bd3 Ne7 64. Qf2 Rbb8 65. Kg2 Rh8 66.
Rxh8 Rxh8 67. Rc1 Qa5 68. Qd2 Nc6 69. Be2 Qa3 70. Rh1 Rxh1 71. Kxh1 Ne7 72. Bd3
Nc8 73. Kg2 Nd6 74. Qe1 Kf8 75. Qd2 Ke7 76. Qc2 Kd7 77. Kf2 Qa1 78. Kg2 Ke7 79.
Qd2 Qa4 80. Kf2 Qb3 81. Ke2 Qb8 82. Qa2 Qc7 83. Qa3 Kf8 84. Ke3 Kg7 85. Qc5 Qb8
86. Qb4 Qd8 87. Qc5 Nf5+ 88. Bxf5 gxf5 89. c4 dxc4 90. Qxc4 Qa5 91. Qc1 Qd5 92.
Qb1 Kg6 93. Qc2 Qb7 94. Qd2 Qh1 95. Qf2 Kh5 96. Qg3 Qe4+ 97. Kd2 Qxd4+ 98. Kc2
Qe4+ 99. Kc3 Qc6+ 100. Kb4 Qd6+ 101. Kc4 Kg6 102. Qh4 Qf8 103. Kd4 Qb4+ 104.
Kd3 Qb3+ 105. Kd2 Qb2+ 106. Kd3 Qb3+ 107. Kd2 Qd5+ 108. Kc1 Qc4+ 109. Kd2 Qd4+
110. Kc2 Kg7 111. Kb3 Kg8 112. Qh2 Kf8 113. Ka3 Ke7 114. Kb3 Kd6 115. Ka2 Kc5
116. Qg3 Qd2+ 117. Kb3 Kd4 118. g6 fxg6 119. Qxg6 Qxf4 120. Qg7+ e5 121. Qd7+
Ke3 122. Qd1 Qf3 123. Qg1+ Ke2+ 124. Kb2 e4 0-1

[Event "Bay Area International"]
[Site "?"]
[Date "2019.01.05"]
[Round "7"]
[White "Venkataraman, Karthik"]
[Black "Yoo, Christopher"]
[Result "1-0"]
[WhiteElo "2515"]
[BlackElo "2388"]
[PlyCount "99"]
[EventDate "2019.??.??"]

1. d4 Nf6 2. c4 g6 3. Nc3 d5 4. Nf3 Bg7 5. h4 O-O 6. h5 Nxh5 7. cxd5 e6 8. dxe6
Bxe6 9. e4 Bg4 10. Be3 c5 11. d5 Re8 12. Qc2 Na6 13. Bb5 Bd7 14. Be2 b5 15. Nd2
c4 16. a3 Nf6 17. O-O Qb8 18. a4 Nb4 19. Qd1 bxa4 20. Nxa4 h5 21. Nc5 Bg4 22.
Nxc4 Bxe2 23. Qxe2 Nxe4 24. Na6 Nxa6 25. Rxa6 Qb5 26. Ra5 Qb4 27. Rfa1 Rad8 28.
R1a4 Qb3 29. Ra3 Qb4 30. Ra1 Qb3 31. Rc1 Rc8 32. Ra3 Qb4 33. Qd3 Nd6 34. b3 Qb5
35. Rxa7 Rb8 36. Ra5 Qd7 37. Bf4 Bf8 38. Ne5 Qb7 39. Nxg6 Qb4 40. Ra4 Qb5 41.
Qg3 fxg6 42. Qxg6+ Bg7 43. Bxd6 Qxb3 44. Ra7 Qb2 45. Qf7+ Kh8 46. Qxh5+ Kg8 47.
Qf7+ Kh8 48. Qxg7+ Qxg7 49. Rxg7 Kxg7 50. Bxb8 1-0

[Event "Bay Area International"]
[Site "?"]
[Date "2019.01.05"]
[Round "7"]
[White "Wang, Justin"]
[Black "Liem, Le Quang"]
[Result "0-1"]
[WhiteElo "2419"]
[BlackElo "2714"]
[PlyCount "108"]
[EventDate "2019.??.??"]

1. e4 c5 2. Nf3 Nc6 3. d4 cxd4 4. Nxd4 Nf6 5. Nc3 e5 6. Ndb5 d6 7. Bg5 a6 8.
Na3 b5 9. Bxf6 gxf6 10. Nd5 f5 11. Bd3 Be6 12. c3 Bg7 13. Qh5 O-O 14. exf5 Bxd5
15. f6 e4 16. fxg7 Re8 17. Be2 Re5 18. Qh6 b4 19. Nc2 bxc3 20. bxc3 Qa5 21. Qd2
Be6 22. O-O Rd5 23. Qe3 Rc5 24. Nb4 Nxb4 25. cxb4 Qxb4 26. Rab1 Qa4 27. Rb6 Rd5
28. Rfb1 Rc8 29. h4 Qd4 30. Qf4 Qd2 31. Qe3 Qxe3 32. fxe3 a5 33. R1b2 Kxg7 34.
Kf2 Rc3 35. g4 a4 36. R2b5 Rxb5 37. Bxb5 Rc2+ 38. Kg3 Rb2 39. Kf4 a3 40. Rxd6
Rxb5 41. Ra6 Rb2 42. Rxa3 Rh2 43. h5 Rxa2 44. Rc3 Rg2 45. Kxe4 Rxg4+ 46. Kf3
Rg5 47. Kf4 Rxh5 48. Rc1 Rh4+ 49. Kg5 Rg4+ 50. Kh5 f5 51. Rc7+ Bf7+ 52. Rxf7+
Kxf7 53. e4 Kf6 54. exf5 Rf4 0-1

[Event "Bay Area International"]
[Site "?"]
[Date "2019.01.05"]
[Round "7"]
[White "Watson, John"]
[Black "Arne, Mike"]
[Result "1-0"]
[WhiteElo "2203"]
[BlackElo "2124"]
[PlyCount "73"]
[EventDate "2019.??.??"]
[SourceVersionDate "2019.01.06"]

1. d4 d5 2. c4 dxc4 3. Nf3 Nf6 4. e3 e6 5. Bxc4 c5 6. O-O a6 7. Bd3 Nc6 8. Nc3
cxd4 9. exd4 Be7 10. Bg5 O-O 11. Rc1 Nh5 12. Be3 Nf6 13. Bb1 Nd5 14. Qd3 f5 15.
a3 Bf6 16. Ba2 Nce7 17. Rfe1 b6 18. Bg5 h6 19. Bd2 Re8 20. Nxd5 Nxd5 21. Rc6
Qd7 22. Bxd5 Qxd5 23. Rxb6 Bb7 24. Bf4 e5 25. Rxb7 Qxb7 26. dxe5 Be7 27. Qxf5
Qxb2 28. Qg6 Kh8 29. Bxh6 gxh6 30. Qxh6+ Kg8 31. Qg6+ Kh8 32. h3 Rac8 33. Re4
Qc1+ 34. Kh2 Rg8 35. Qh5+ Kg7 36. Rg4+ Kf8 37. Qf5+ 1-0

[Event "Bay Area International"]
[Site "?"]
[Date "2019.01.05"]
[Round "7"]
[White "Xiong, Jeffery"]
[Black "Macieja, Bartlomiej"]
[Result "0-1"]
[WhiteElo "2672"]
[BlackElo "2509"]
[PlyCount "120"]
[EventDate "2019.??.??"]

1. e4 c6 2. d4 d5 3. e5 Bf5 4. Nf3 e6 5. Be2 Ne7 6. c3 h6 7. O-O Nd7 8. a4 c5
9. dxc5 Nxc5 10. Nd4 Bh7 11. Bb5+ Nd7 12. a5 a6 13. Ba4 Qc7 14. Qh5 Bg6 15. Qg4
O-O-O 16. Bxd7+ Rxd7 17. Re1 h5 18. Qf4 Nc6 19. Nxc6 Qxc6 20. Be3 Bxb1 21.
Raxb1 Bc5 22. b4 Bxe3 23. Qxe3 Kb8 24. b5 axb5 25. Rb3 Rc8 26. Reb1 Qc5 27. Qg5
d4 28. cxd4 Qxd4 29. h3 Rc2 30. Qg3 h4 31. Qf3 Rc5 32. Rxb5 Rxb5 33. Rxb5 Qd1+
34. Qxd1 Rxd1+ 35. Kh2 Ka7 36. g4 g5 37. Kg2 Rd7 38. Rc5 Ka6 39. Kf3 Rd3+ 40.
Kg2 Rd7 41. f4 Rd2+ 42. Kf3 Rd3+ 43. Ke4 Rxh3 44. fxg5 Rg3 45. Kf4 Rg2 46. Rc3
Rf2+ 47. Ke4 Re2+ 48. Kf3 Rxe5 49. Rc7 Re1 50. Kg2 Re3 51. Rxf7 Rg3+ 52. Kh2
Rxg4 53. Rg7 Rg3 54. g6 e5 55. Re7 Rxg6 56. Rxe5 Rg3 57. Rh5 Ra3 58. Rxh4 Kxa5
59. Kg2 Re3 60. Kf2 Re5 0-1

[Event "Bay Area International"]
[Site "?"]
[Date "2019.01.05"]
[Round "7"]
[White "Yanayt, Eugene"]
[Black "O'Connor, Derek"]
[Result "1-0"]
[WhiteElo "2143"]
[BlackElo "2275"]
[PlyCount "107"]
[EventDate "2019.??.??"]
[SourceVersionDate "2019.01.06"]

1. d4 Nf6 2. c4 g6 3. Nc3 Bg7 4. e4 d6 5. Nf3 O-O 6. Be2 e5 7. O-O Nc6 8. d5
Ne7 9. Ne1 Nd7 10. Be3 f5 11. f3 f4 12. Bf2 g5 13. Rc1 Ng6 14. c5 Nxc5 15. b4
Na6 16. Nb5 b6 17. Qa4 Rf7 18. Nd3 h5 19. Rc3 g4 20. Kh1 Bh6 21. Rfc1 Rg7 22.
Ne1 g3 23. Bg1 gxh2 24. Bxh2 Bg5 25. Nxd6 cxd6 26. Bxa6 Bd7 27. Bb5 Bxb5 28.
Qxb5 Bh4 29. Qa6 Ne7 30. Qb7 Bxe1 31. Rxe1 Nf5 32. Qa6 Qh4 33. Rec1 Qg5 34.
Rc8+ Kh7 35. R8c2 Ne3 36. Rd2 Rag8 37. Rc8 Qh4 38. Rxg8 Qe1+ 39. Bg1 Rxg8 40.
Rf2 Rg7 41. Qc8 Qxb4 42. Qe8 Kh6 43. g4 fxg3 44. Qh8+ Kg6 45. Re2 g2+ 46. Kh2
Nf1+ 47. Kh3 Kf7 48. Rc2 Rg3+ 49. Kh4 Qc5 50. Qxh5+ Ke7 51. Bxc5 bxc5 52. Qh7+
Kf6 53. Qf5+ Ke7 54. Rb2 1-0

[Event "Bay Area International"]
[Site "?"]
[Date "2019.01.06"]
[Round "8"]
[White "Abrahamyan, Tatev"]
[Black "Wang, Justin"]
[Result "1/2-1/2"]
[WhiteElo "2377"]
[BlackElo "2419"]
[PlyCount "83"]
[EventDate "2019.??.??"]
[SourceVersionDate "2019.01.07"]

1. e4 e5 2. Nf3 Nc6 3. Bc4 Nf6 4. d3 Be7 5. O-O O-O 6. Re1 d6 7. a3 Be6 8. Nbd2
Qd7 9. b4 a6 10. Bb2 Rad8 11. Nf1 Rfe8 12. Bxe6 Qxe6 13. c4 Nb8 14. Qc2 Qc8 15.
d4 exd4 16. Nxd4 Nbd7 17. Ne3 c6 18. Nef5 Bf8 19. f4 g6 20. Ng3 Qc7 21. Rad1
Bg7 22. h3 Nb6 23. Nf3 c5 24. Rc1 cxb4 25. axb4 Qc6 26. c5 dxc5 27. bxc5 Nc8
28. Be5 Qd7 29. Qb2 Re6 30. f5 Rxe5 31. Nxe5 Qc7 32. c6 b6 33. Nd7 Qxg3 34. e5
Nd5 35. Qd2 Nf4 36. Kh1 Nd3 37. Re3 Nf2+ 38. Kg1 Nxh3+ 39. Kh1 Nf2+ 40. Kg1
Nh3+ 41. Kh1 Nf2+ 42. Kg1 1/2-1/2

[Event "Bay Area International"]
[Site "?"]
[Date "2019.01.06"]
[Round "8"]
[White "Ali Marandi, Cemil Can"]
[Black "Grabinsky, Aaron"]
[Result "1/2-1/2"]
[WhiteElo "2530"]
[BlackElo "2350"]
[PlyCount "121"]
[EventDate "2019.??.??"]
[SourceVersionDate "2019.01.08"]

1. e4 c6 2. d4 d5 3. f3 g6 4. Nc3 Bg7 5. Be3 dxe4 6. fxe4 Nf6 7. e5 Ng4 8. Bf4
c5 9. Bb5+ Nc6 10. d5 a6 11. dxc6 Qxd1+ 12. Rxd1 axb5 13. Nd5 O-O 14. Nxe7+ Kh8
15. Nxc8 Raxc8 16. cxb7 Rc7 17. Nf3 Rxb7 18. O-O f6 19. e6 Re8 20. Rd7 Rb6 21.
e7 Re6 22. Bd6 Bh6 23. Bxc5 Be3+ 24. Bxe3 Nxe3 25. Nd4 R6xe7 26. Rxe7 Rxe7 27.
Rxf6 Rd7 28. c3 b4 29. Rf8+ Kg7 30. Rf4 g5 31. Ne6+ Kh6 32. Rf6+ Kh5 33. Nd4
bxc3 34. bxc3 Nd5 35. Rc6 Nxc3 36. Nf5 Ne4 37. Ne3 g4 38. Rc4 Nf6 39. a4 Rd2
40. Kf1 Ra2 41. Nc2 Nd5 42. Ke2 Nb4 43. Rxb4 Rxc2+ 44. Kf1 Kg5 45. Rb5+ Kf4 46.
g3+ Ke4 47. Rb4+ Kf5 48. Rb5+ Ke4 49. Rh5 Ra2 50. Rxh7 Ra1+ 51. Ke2 Ra2+ 52.
Kd1 Ra1+ 53. Kc2 Rxa4 54. Kb3 Rd4 55. Rf7 Ke3 56. Kc3 Rd8 57. Rf4 Rc8+ 58. Kb3
Rh8 59. Rxg4 Rxh2 60. Rh4 Rxh4 61. gxh4 1/2-1/2

[Event "Bay Area International"]
[Site "?"]
[Date "2019.01.06"]
[Round "8"]
[White "Bai, Jinshi"]
[Black "Brown, Michael"]
[Result "1/2-1/2"]
[WhiteElo "2572"]
[BlackElo "2524"]
[PlyCount "43"]
[EventDate "2019.??.??"]
[SourceVersionDate "2019.01.06"]

1. Nf3 d5 2. g3 Bg4 3. Bg2 Nd7 4. c4 e6 5. Qb3 Nc5 6. Qe3 Bxf3 7. Qxf3 c6 8. d4
Ne4 9. O-O Nd6 10. Qb3 Nf6 11. cxd5 cxd5 12. Nc3 Be7 13. f3 O-O 14. e4 Nc4 15.
Rd1 Na5 16. Qb5 Rc8 17. e5 Nd7 18. Qd3 Qb6 19. Na4 Qc7 20. Nc3 Qb6 21. Na4 Qc7
22. Nc3 1/2-1/2

[Event "Bay Area International"]
[Site "?"]
[Date "2019.01.06"]
[Round "8"]
[White "Bick, Gabriel"]
[Black "Kung, Thomas"]
[Result "1-0"]
[WhiteElo "2381"]
[BlackElo "2133"]
[PlyCount "121"]
[EventDate "2019.??.??"]
[SourceVersionDate "2019.01.06"]

1. c4 e5 2. e3 Nf6 3. Nc3 d5 4. cxd5 Nxd5 5. Nf3 Nc6 6. Bb5 Nxc3 7. bxc3 Bd6 8.
d4 Bd7 9. O-O O-O 10. Qc2 Nxd4 11. Nxd4 exd4 12. Bxd7 Qxd7 13. cxd4 Rfe8 14.
Rb1 c6 15. Qb3 Re7 16. Ba3 Rc8 17. Rfc1 g6 18. Rc3 Bxa3 19. Qxa3 b6 20. Rbc1
Re6 21. g3 g5 22. Qa6 Rc7 23. a4 Qd5 24. a5 c5 25. axb6 axb6 26. Rb1 Rd7 27.
dxc5 bxc5 28. Qc8+ Rd8 29. Rxc5 Rxc8 30. Rxd5 h6 31. Rb4 Rc1+ 32. Kg2 Rc2 33.
Rf5 Kg7 34. h4 gxh4 35. Rxh4 Rxe3 36. Rg4+ Kf8 37. Rf6 Re6 38. Rxe6 fxe6 39.
Rg6 Kf7 40. Rxh6 Ra2 41. Rh5 Kf6 42. g4 e5 43. Rf5+ Ke6 44. Kg3 Ra4 45. Rf3 Ra8
46. g5 e4 47. Rf6+ Ke5 48. Kg4 Rh8 49. Rf7 Rh2 50. g6 Ke6 51. Kg5 Rh1 52. Rf8
Ke7 53. g7 Rg1+ 54. Kh6 Rh1+ 55. Kg6 Rg1+ 56. Kh7 Rh1+ 57. Kg8 Rh4 58. Rf7+ Ke8
59. Ra7 Rh3 60. Ra4 Rh4 61. f3 1-0

[Event "Bay Area International"]
[Site "?"]
[Date "2019.01.06"]
[Round "8"]
[White "Boros, Denes"]
[Black "Santarius, Erik"]
[Result "0-1"]
[WhiteElo "2442"]
[BlackElo "2393"]
[PlyCount "78"]
[EventDate "2019.??.??"]
[SourceVersionDate "2019.01.08"]

1. d4 f5 2. Nf3 Nf6 3. Bg5 e6 4. g3 c5 5. Bg2 Qb6 6. Bxf6 gxf6 7. b3 cxd4 8.
Nxd4 Nc6 9. e3 h5 10. O-O Bc5 11. c3 d5 12. Nd2 e5 13. Nxc6 bxc6 14. b4 Be7 15.
c4 Be6 16. b5 Rd8 17. bxc6 dxc4 18. Qc2 e4 19. Nxc4 Qxc6 20. Rfc1 O-O 21. Qe2
Qa6 22. Bf1 Bf7 23. Qe1 Qe6 24. Na5 Rd3 25. Nc6 Ba3 26. Nd4 Rxd4 27. exd4 Bxc1
28. Rxc1 f4 29. Rc5 Re8 30. Bb5 Re7 31. Bc4 Qg4 32. d5 Re5 33. Rc7 fxg3 34.
hxg3 e3 35. f4 Re8 36. Be2 Qf5 37. d6 Rd8 38. Qb4 Qh3 39. Qe1 Bd5 0-1

[Event "Bay Area International"]
[Site "?"]
[Date "2019.01.06"]
[Round "8"]
[White "Bruzon, Lazaro"]
[Black "Balakrishnan, Praveen"]
[Result "1-0"]
[WhiteElo "2664"]
[BlackElo "2418"]
[PlyCount "61"]
[EventDate "2019.??.??"]

1. d4 Nf6 2. Nf3 d5 3. c4 e6 4. Nc3 Be7 5. Qc2 c5 6. dxc5 d4 7. Nb5 Bxc5 8. Bf4
O-O 9. O-O-O a6 10. Nbxd4 Bxd4 11. Nxd4 Qe7 12. Nf3 Rd8 13. Rxd8+ Qxd8 14. e4
Nc6 15. e5 Nd7 16. a3 Qc7 17. Kb1 h6 18. Be2 b6 19. Rd1 Bb7 20. Qc3 Rc8 21. Qe3
Na5 22. Rc1 Nc6 23. h4 Ne7 24. Nd4 Ng6 25. Bg3 Ngxe5 26. Nf3 Bxf3 27. gxf3 Qc5
28. Rd1 f6 29. f4 Nxc4 30. Qxe6+ Kh8 31. Qxc4 1-0

[Event "Bay Area International"]
[Site "?"]
[Date "2019.01.06"]
[Round "8"]
[White "Cordova, Emilio"]
[Black "Gabuzyan, Hovhannes"]
[Result "1/2-1/2"]
[WhiteElo "2597"]
[BlackElo "2605"]
[PlyCount "244"]
[EventDate "2019.??.??"]

1. Nf3 Nf6 2. c4 c6 3. d4 g6 4. g3 Bg7 5. Bg2 O-O 6. O-O d6 7. Nc3 Qa5 8. e4
Bg4 9. h3 Bxf3 10. Bxf3 Nbd7 11. Be3 c5 12. Rc1 cxd4 13. Bxd4 Bh6 14. Bxf6 Nxf6
15. Rc2 Rac8 16. b3 Rfe8 17. Qe2 Nd7 18. e5 Nxe5 19. Bxb7 Rc7 20. Bg2 Nc6 21.
Rd1 Nb4 22. Nd5 Nxc2 23. Nxc7 Qxc7 24. Qxc2 Rb8 25. Qe4 Bg7 26. h4 Bf6 27. Bf3
h5 28. Kg2 Kg7 29. Rd5 e6 30. Rd2 Rb6 31. Rc2 Qc5 32. Qe3 a5 33. Qxc5 dxc5 34.
Rd2 Bd4 35. Bd1 e5 36. Re2 f5 37. f3 Bc3 38. a4 Rd6 39. Bc2 Kf6 40. Kh3 Bd2 41.
Kg2 Rd4 42. Kh3 g5 43. hxg5+ Bxg5 44. Kg2 Bc1 45. Kh3 Bh6 46. Rf2 Bg5 47. Re2
Bh6 48. Rf2 Bg5 49. Re2 Rd7 50. Rf2 Rd8 51. Re2 h4 52. g4 fxg4+ 53. Kxg4 Rh8
54. Kh3 Bf4 55. Rg2 Bg3 56. Rd2 Kg5 57. Rd7 Kf4 58. Be4 Rg8 59. b4 cxb4 60. c5
Bf2 61. c6 b3 62. c7 Bb6 63. Rf7+ Ke3 64. c8=Q Rxc8 65. Rb7 Bd4 66. Rxb3+ Kf4
67. Rb7 Rc4 68. Rf7+ Ke3 69. Kxh4 Rxa4 70. Kg4 Ra1 71. Kf5 a4 72. Bd5 a3 73.
Rb7 Bb2 74. Ra7 Rd1 75. Ke6 Rd4 76. Ra8 Rf4 77. Ra7 Kd2 78. Ra8 Kc1 79. Ra7 Kd2
80. Ra8 Ke3 81. Ra7 Rb4 82. Ra8 Rb6+ 83. Kf5 Rd6 84. Be4 Rh6 85. Bd5 Rh5+ 86.
Kg4 Rh2 87. Kf5 Re2 88. Ra4 Rd2 89. Ke6 Rd4 90. Ra8 Kd2 91. Ra7 Kc1 92. Ra8 Kb1
93. Ra7 Ka1 94. Ra8 Rd3 95. Ra7 Bd4 96. Ra8 Bb2 97. Ra7 Rd4 98. Ra8 Kb1 99. Ra7
Rb4 100. Ra8 Kc2 101. Kf5 Kd3 102. Ra7 Rb8 103. Ra4 Rf8+ 104. Ke6 Ke3 105. Re4+
Kd3 106. Ra4 Rf4 107. Ra8 Kd4 108. Be4 Kc5 109. Rc8+ Kd4 110. Ra8 Rh4 111. Rd8+
Ke3 112. Ra8 Rh6+ 113. Kf5 Rd6 114. Ra7 Rd8 115. Ra6 Rf8+ 116. Ke6 Kf4 117. Ra7
Re8+ 118. Kf7 Rb8 119. Ra4 Rb6 120. Bd5+ Ke3 121. Ke7 Rh6 122. Re4+ Kd3 1/2-1/2

[Event "Bay Area International"]
[Site "?"]
[Date "2019.01.06"]
[Round "8"]
[White "Daggupati, Balaji"]
[Black "Korley, Kassa"]
[Result "0-1"]
[WhiteElo "2257"]
[BlackElo "2450"]
[PlyCount "76"]
[EventDate "2019.??.??"]
[SourceVersionDate "2019.01.08"]

1. e4 e6 2. d4 d5 3. Nc3 Nf6 4. Bg5 Bb4 5. e5 h6 6. Bd2 Bxc3 7. bxc3 Ne4 8. Qg4
g6 9. Bd3 Nxd2 10. Kxd2 c5 11. Nf3 c4 12. Be2 Nc6 13. a4 Bd7 14. h4 Qc7 15. Qf4
f5 16. g4 Ne7 17. gxf5 Nxf5 18. Rag1 Bxa4 19. Rxg6 Qe7 20. h5 O-O-O 21. Nh2
Rdf8 22. Ng4 Qa3 23. Rf6 Bxc2 24. Rc1 Ba4 25. Bd1 Bxd1 26. Kxd1 Ng7 27. Qh2 Qe7
28. Ra1 a6 29. Rb1 b5 30. Ra1 Kb7 31. Nxh6 Nxh5 32. Nf5 Nxf6 33. exf6 Qc7 34.
Nd6+ Kb8 35. Qe5 Rh1+ 36. Ke2 Rxa1 37. Qxe6 Qh7 38. Qxd5 Qd3# 0-1

[Event "Bay Area International"]
[Site "?"]
[Date "2019.01.06"]
[Round "8"]
[White "Eswaran, Ashritha"]
[Black "Colas, Joshua"]
[Result "1/2-1/2"]
[WhiteElo "2227"]
[BlackElo "2309"]
[PlyCount "52"]
[EventDate "2019.??.??"]
[SourceVersionDate "2019.01.06"]

1. e4 c6 2. d4 d5 3. Nc3 dxe4 4. Nxe4 Bf5 5. Ng3 Bg6 6. N1e2 e6 7. Nf4 Bd6 8.
c3 Nf6 9. h4 Bxf4 10. Bxf4 h6 11. h5 Bh7 12. Qb3 Qe7 13. Be2 O-O 14. O-O Nd5
15. Bd2 a5 16. Bf3 Rd8 17. Rfe1 Na6 18. Nf1 Qc7 19. g3 c5 20. Ne3 Nb6 21. Nc4
Nxc4 22. Qxc4 cxd4 23. Qxc7 Nxc7 24. cxd4 Nd5 25. Re5 Nb4 26. Bc3 Nd5 1/2-1/2

[Event "Bay Area International"]
[Site "?"]
[Date "2019.01.06"]
[Round "8"]
[White "Free, Graham"]
[Black "Cline, John"]
[Result "1/2-1/2"]
[WhiteElo "2015"]
[BlackElo "2272"]
[PlyCount "68"]
[EventDate "2019.??.??"]
[SourceVersionDate "2019.01.08"]

1. d4 Nf6 2. Nf3 e6 3. Bf4 d5 4. e3 Be7 5. h3 b6 6. Nbd2 Bb7 7. Bd3 O-O 8. O-O
c5 9. c3 Nbd7 10. Qb1 h6 11. b4 cxb4 12. cxb4 Rc8 13. Qb2 a6 14. a4 Ne4 15.
Rfc1 Bd6 16. Bxd6 Nxd6 17. b5 axb5 18. axb5 Rxc1+ 19. Rxc1 Qb8 20. Ne5 Nxe5 21.
dxe5 Ne4 22. Bxe4 dxe4 23. Nc4 Bd5 24. Nd2 Rc8 25. Rxc8+ Qxc8 26. Kh2 Qc7 27.
Qd4 f5 28. Nb1 Kf7 29. Nc3 Qc4 30. Nxd5 Qxd4 31. exd4 exd5 32. h4 g5 33. hxg5
hxg5 34. g4 f4 1/2-1/2

[Event "Bay Area International"]
[Site "?"]
[Date "2019.01.06"]
[Round "8"]
[White "Ghazarian, Kirk"]
[Black "Javakhadze, Zurabi"]
[Result "1/2-1/2"]
[WhiteElo "2226"]
[BlackElo "2449"]
[PlyCount "82"]
[EventDate "2019.??.??"]
[SourceVersionDate "2019.01.07"]

1. Nf3 d5 2. d4 Nf6 3. c4 e6 4. g3 Nc6 5. Bg2 dxc4 6. Qa4 Bb4+ 7. Bd2 Nd5 8.
Qb5 Bxd2+ 9. Nbxd2 c3 10. bxc3 Nxc3 11. Qc4 Nd5 12. e4 Nb6 13. Qc3 O-O 14. O-O
Qe7 15. Rac1 Rd8 16. Nb3 Qa3 17. Qd2 Qd6 18. Rfd1 a5 19. Qe2 a4 20. Nc5 Na5 21.
Ne5 Qe7 22. f4 f6 23. Nf3 Nc6 24. Bh3 Ra5 25. Qf2 Ra7 26. Kg2 Ra8 27. Kg1 Nb4
28. Bf1 a3 29. Qd2 Nc6 30. Qc2 Ra5 31. Bh3 Rb5 32. Qc3 Rb4 33. Qxa3 Nc4 34. Qc3
e5 35. a3 exd4 36. Nxd4 Nxd4 37. Qxb4 Ne2+ 38. Kf2 Nxc1 39. Qxc4+ Kh8 40. Rxd8+
Qxd8 41. Bxc8 Qd2+ 1/2-1/2

[Event "Bay Area International"]
[Site "?"]
[Date "2019.01.06"]
[Round "8"]
[White "Harazinska, Ewa"]
[Black "Polavaram, Rithik"]
[Result "0-1"]
[WhiteElo "2222"]
[BlackElo "2056"]
[PlyCount "60"]
[EventDate "2019.??.??"]
[SourceVersionDate "2019.01.08"]

1. d4 Nf6 2. c4 e6 3. Nc3 Bb4 4. Qc2 d5 5. cxd5 exd5 6. Bg5 h6 7. Bh4 c5 8.
dxc5 g5 9. Bg3 Ne4 10. e3 Qa5 11. Be5 O-O 12. Bd3 Nc6 13. Bxe4 dxe4 14. Bg3
Bxc3+ 15. Qxc3 Nb4 16. Rd1 Bg4 17. f3 exf3 18. gxf3 Be6 19. Kf2 Rfd8 20. Ne2
Bxa2 21. Nd4 Rd5 22. Bd6 Rc8 23. Qe1 Bc4 24. Kg2 Rdxc5 25. Bxc5 Qxc5 26. b3 Ba6
27. Rc1 Nd3 28. Rxc5 Nxe1+ 29. Rxe1 Rxc5 30. b4 Rd5 0-1

[Event "Bay Area International"]
[Site "?"]
[Date "2019.01.06"]
[Round "8"]
[White "Hevia, Carlos"]
[Black "Williams, Justus"]
[Result "1-0"]
[WhiteElo "2476"]
[BlackElo "2316"]
[PlyCount "153"]
[EventDate "2019.??.??"]
[SourceVersionDate "2019.01.07"]

1. c4 c5 2. Nf3 Nc6 3. Nc3 g6 4. d4 cxd4 5. Nxd4 Bg7 6. e3 Nf6 7. Be2 O-O 8.
O-O d5 9. cxd5 Nxd5 10. Nxd5 Qxd5 11. Bf3 Qc5 12. Bxc6 bxc6 13. Qa4 Rb8 14. b3
Qg5 15. Ba3 Rb6 16. f4 Qd5 17. Qxa7 Rb7 18. Qc5 Qe4 19. Rae1 Rd7 20. Nf3 h6 21.
Rf2 Rfd8 22. h3 Bf6 23. Bb2 Bxb2 24. Rxb2 Rd3 25. Kh2 Bf5 26. Ne5 R3d6 27. Qc4
Qxc4 28. Nxc4 Rd3 29. e4 Be6 30. Ne5 Rc3 31. Ree2 Rd1 32. Rbc2 Rc1 33. Rxc1
Rxc1 34. Kg3 Kg7 35. Kf2 Bc8 36. Nd3 Rc3 37. Ne1 e5 38. fxe5 Rc5 39. Nd3 Rc3
40. Nb4 c5 41. Nd5 Rc1 42. Ne3 Bb7 43. Kf3 f5 44. exf6+ Kxf6 45. Ng4+ Ke6 46.
Nxh6 Ke5 47. Ke3 c4 48. Ng4+ Ke6 49. Kd2 Ra1 50. Kc3 cxb3 51. axb3 Ba6 52. Rf2
Bb7 53. Re2 Ba6 54. Rd2 Re1 55. Kd4 Rb1 56. Kc5 Bb7 57. Rd6+ Ke7 58. Rd3 Ke6
59. Kd4 Rb2 60. g3 g5 61. Ne5 Re2 62. Nc4 Rxe4+ 63. Kc5 Re1 64. Re3+ Rxe3 65.
Nxe3 Ke5 66. Nc4+ Kf6 67. b4 Bg2 68. h4 gxh4 69. gxh4 Kg6 70. b5 Kh5 71. Ne5
Kxh4 72. Nc6 Bf1 73. b6 Ba6 74. Kd6 Bb7 75. Kc7 Ba8 76. Nd8 Kg5 77. Nb7 1-0

[Event "Bay Area International"]
[Site "?"]
[Date "2019.01.06"]
[Round "8"]
[White "Hong, Andrew"]
[Black "Mishra, Abhimanyu"]
[Result "1-0"]
[WhiteElo "2390"]
[BlackElo "2120"]
[PlyCount "123"]
[EventDate "2019.??.??"]
[SourceVersionDate "2019.01.07"]

1. e4 c5 2. Nf3 e6 3. d3 Nc6 4. g3 d5 5. Qe2 Nge7 6. Bg2 dxe4 7. dxe4 Nd4 8.
Qd1 Nec6 9. O-O Nxf3+ 10. Qxf3 Be7 11. Na3 a6 12. Rd1 Qc7 13. c3 O-O 14. h4 b5
15. Bf4 e5 16. Bd2 Be6 17. Nc2 c4 18. Ne3 Bc5 19. h5 h6 20. Nf5 f6 21. Bh3 Bxf5
22. Bxf5 Ne7 23. Be6+ Kh8 24. Be3 Bxe3 25. Qxe3 Rad8 26. a4 Qc6 27. Bg4 Qc7 28.
axb5 axb5 29. Rxd8 Qxd8 30. Qc5 f5 31. exf5 Nxf5 32. Qxe5 Qd6 33. Qe4 Qf6 34.
Qf3 Nd6 35. Qxf6 Rxf6 36. Kg2 g5 37. hxg6 Rxg6 38. Bd7 Rg5 39. Rd1 Nf7 40. Be8
Ne5 41. Bxb5 Nd3 42. Bxc4 Nxb2 43. Rd8+ Kh7 44. Bd5 Na4 45. f4 Rxd5 46. Rxd5
Nxc3 47. Re5 Na4 48. Kf3 Kg6 49. Kg4 Nb2 50. Re6+ Kg7 51. Kh5 Nd3 52. Rg6+ Kf7
53. Rxh6 Nf2 54. Ra6 Ne4 55. g4 Ng3+ 56. Kg5 Kg7 57. Ra7+ Kf8 58. f5 Ne4+ 59.
Kg6 Nd6 60. f6 Ke8 61. f7+ Nxf7 62. Rxf7 1-0

[Event "Bay Area International"]
[Site "?"]
[Date "2019.01.06"]
[Round "8"]
[White "Jacobson, Aaron"]
[Black "Kavutskiy, Konstantin"]
[Result "1/2-1/2"]
[WhiteElo "2286"]
[BlackElo "2424"]
[PlyCount "127"]
[EventDate "2019.??.??"]
[SourceVersionDate "2019.01.07"]

1. d4 d6 2. e4 Nc6 3. Nc3 Nf6 4. f4 e5 5. d5 Nd4 6. Nf3 Bg4 7. Be3 Nxf3+ 8.
gxf3 exf4 9. Bxf4 Bd7 10. Qd2 Nh5 11. Bg3 g6 12. O-O-O Bg7 13. Bf2 O-O 14. Be3
Qe7 15. Bg2 f5 16. Bg5 Qf7 17. Bh3 Rae8 18. Kb1 fxe4 19. Bxd7 Qxd7 20. fxe4 Rf3
21. Ne2 Rxe4 22. Nc1 Qb5 23. Nb3 Re2 24. Nd4 Bxd4 25. Qxd4 Ng7 26. h4 Qb6 27.
Qg4 Rff2 28. Qc8+ Re8 29. Qd7 Qc5 30. Bd2 Rf7 31. Qg4 Qxd5 32. Bc3 Qf5 33. Qg2
Qf3 34. Qg1 b6 35. h5 Nxh5 36. Qg5 Ree7 37. Rdg1 Ng7 38. Qh6 Kf8 39. Qxh7 Ke8
40. Qxg6 Ne6 41. Rf1 Nf8 42. Rxf3 Nxg6 43. Rxf7 Rxf7 44. a4 Ne7 45. b3 Kd7 46.
Rh5 Kc6 47. Rh2 Nd5 48. Bd2 Kd7 49. Rh5 c6 50. Rh2 c5 51. Kb2 Kc6 52. Be1 Nc7
53. Rh6 Re7 54. Bg3 Ne6 55. Bh4 Re8 56. Rh7 Nc7 57. Bg3 Re6 58. Bh4 a6 59. Bd8
Ne8 60. Ra7 a5 61. Ra6 Nc7 62. Ra7 Ne8 63. Ra6 Nc7 64. Ra7 1/2-1/2

[Event "Bay Area International"]
[Site "?"]
[Date "2019.01.06"]
[Round "8"]
[White "Jacobson, Brandon"]
[Black "Sevian, Samuel"]
[Result "0-1"]
[WhiteElo "2404"]
[BlackElo "2647"]
[PlyCount "82"]
[EventDate "2019.??.??"]

1. Nf3 d6 2. d4 g6 3. c4 f5 4. Nc3 Nf6 5. g3 Bg7 6. Bg2 O-O 7. O-O Nc6 8. d5
Ne5 9. Nxe5 dxe5 10. c5 h6 11. Qb3 Kh8 12. Rd1 g5 13. Bd2 a6 14. Rac1 e4 15. f3
Qe8 16. Be3 e5 17. dxe6 Rb8 18. fxe4 Bxe6 19. Qb4 f4 20. gxf4 Ng4 21. Bd4 gxf4
22. Bxg7+ Kxg7 23. Nd5 Qh5 24. Qc3+ Kh7 25. Qh3 Qe5 26. Qc3 Qg5 27. Rf1 c6 28.
h3 Ne3 29. Nxe3 fxe3 30. h4 Qg3 31. Qe1 Rxf1+ 32. Qxf1 Rg8 33. Qf3 Qxf3 34.
exf3 Bh3 35. Kh2 Bxg2 36. Re1 Bxf3 37. Rxe3 Bh5 38. e5 Bg4 39. e6 Kg6 40. e7
Kf7 41. Rb3 Bc8 0-1